Tax Reform in the 21st Century : (Record no. 613242)

MARC details
000 -LEADER
fixed length control field 00513nam a2200193 a 4500
008 - FIXED-LENGTH DATA ELEMENTS--GENERAL INFORMATION
fixed length control field 260220s2009##################000#0#eng##
020 ## - INTERNATIONAL STANDARD BOOK NUMBER
ISBN 9789041128294
082 04 - DEWEY DECIMAL CLASSIFICATION NUMBER
Classification number 336.20509051
Item number HEA
100 1# - MAIN ENTRY--AUTHOR NAME
Personal name Head, John G.,
245 10 - TITLE STATEMENT
Title Tax Reform in the 21st Century :
260 ## - PUBLICATION, DISTRIBUTION, ETC. (IMPRINT)
Name of publisher Kluwer Law International B.V.,
Year of publication 2009.
300 ## - PHYSICAL DESCRIPTION
Number of Pages 578 pages
650 #0 - SUBJECT ADDED ENTRY--TOPICAL TERM
Topical Term Law.
942 ## - ADDED ENTRY ELEMENTS (KOHA)
Koha item type English Books
Holdings
Withdrawn status Lost status Damaged status Not for loan Home library Current library Date acquired Full call number Accession Number Price effective from Koha item type
        Anna Centenary Library Anna Centenary Library 20.02.2026 336.20509051 HEA 138308 20.02.2026 English Books

Find us on the map